[Event "SR 2. liga A 2016/2017"]
[Site "?"]
[Date "2017.10.29"]
[Round "2.4"]
[White "Merva, Frantisek"]
[Black "Kolman, Richard"]
[Result "1-0"]
[WhiteElo "2069"]
[BlackElo "2030"]
[PlyCount "69"]
[EventDate "2017.??.??"]
[WhiteTeam "DSC Potonska veza"]
[BlackTeam "SK Slovan Bratislava D"]

1. d4 d5 2. Nf3 Nf6 3. c4 dxc4 4. e3 Bg4 5. Bxc4 e6 6. Qb3 Bxf3 7. gxf3 c5 8.
Qxb7 Nbd7 9. Nc3 cxd4 10. exd4 Rc8 11. Bb3 Bd6 12. Rg1 Kf8 13. f4 g6 14. f5
exf5 15. Bh6+ Kg8 16. O-O-O Qc7 17. Qf3 Bf8 18. Bxf8 Kxf8 19. Kb1 Qc6 20. Qf4
Kg7 21. Qxf5 Rhf8 22. h4 Nb6 23. d5 Qc5 24. h5 Nfd7 25. Qf4 Nc4 26. Rh1 Qd6 27.
Qc1 Qf6 28. hxg6 fxg6 29. Qh6+ Kf7 30. Qxh7+ Qg7 31. Bxc4 Rxc4 32. Rde1 Rg8 33.
d6 Kf8 34. Re7 Qxh7 35. Rhxh7 1-0

[Event "SR 2. liga A 2016/2017"]
[Site "?"]
[Date "2017.10.29"]
[Round "2.4"]
[White "Kuna, Vladimir"]
[Black "Vegh, Vince"]
[Result "1-0"]
[WhiteElo "2020"]
[BlackElo "1899"]
[PlyCount "129"]
[EventDate "2017.??.??"]
[WhiteTeam "SK Slovan Bratislava D"]
[BlackTeam "DSC Potonska veza"]

1. d4 d5 2. Nf3 Nf6 3. c4 c6 4. Nc3 e6 5. Bg5 Be7 6. e3 O-O 7. Rc1 Nbd7 8. Bd3
dxc4 9. Bxc4 b5 10. Bd3 a6 11. O-O c5 12. Bb1 Bb7 13. Qe2 cxd4 14. exd4 b4 15.
Ne4 Nxe4 16. Bxe7 Qxe7 17. Bxe4 Bxe4 18. Qxe4 Nf6 19. Qe5 Nd5 20. Rc5 Qd7 21.
Rfc1 Qa4 22. Ng5 Qd7 23. h3 h6 24. Nf3 Qa4 25. g4 Qd7 26. Qe4 Rac8 27. Ne5 Qb7
28. Qf3 Rxc5 29. dxc5 Qc7 30. Nd3 Rc8 31. Qe4 a5 32. Qc4 Ne7 33. a3 bxa3 34.
bxa3 Nc6 35. Qc3 Rd8 36. Re1 Nd4 37. Ne5 Rd5 38. f4 Qxc5 39. Qxc5 Rxc5 40. Rd1
Ne2+ 41. Kh2 f6 42. Rd8+ Kh7 43. Nd7 Rc2 44. Nf8+ Kg8 45. Nxe6+ Kf7 46. f5 Nf4+
47. Kg3 Rc3+ 48. Kxf4 Rxh3 49. a4 g5+ 50. fxg6+ Kxg6 51. Rd7 f5 52. gxf5+ Kf6
53. Ke4 Rb3 54. Rd4 h5 55. Nc5 Rb1 56. Rd6+ Ke7 57. Re6+ Kf7 58. Rh6 h4 59. Ke5
Re1+ 60. Ne4 h3 61. Rxh3 Ra1 62. Nd6+ Kg8 63. Rh4 Rf1 64. Kf6 Rd1 65. Nf7 1-0

[Event "SR 2. liga A 2016/2017"]
[Site "?"]
[Date "2017.10.29"]
[Round "2.5"]
[White "Macko, Miroslav"]
[Black "Jablonicky, Martin"]
[Result "0-1"]
[WhiteElo "2289"]
[BlackElo "2319"]
[PlyCount "78"]
[EventDate "2017.??.??"]
[WhiteTeam "SK Krasnany"]
[BlackTeam "SK Osuske B"]

1. e4 g6 2. d4 Bg7 3. Nf3 d6 4. Bc4 Nf6 5. Qe2 c6 6. Bb3 e5 7. dxe5 dxe5 8.
Nbd2 Qe7 9. O-O O-O 10. Nc4 Bg4 11. h3 Bxf3 12. Qxf3 b5 13. Ne3 Nbd7 14. c3 Nc5
15. Bc2 Rfd8 16. Ng4 h5 17. Nxf6+ Bxf6 18. Be3 Bg5 19. Rfd1 Bxe3 20. Qxe3 a5
21. a4 b4 22. cxb4 axb4 23. Bb3 Rd4 24. Rdc1 Ra5 25. Bc4 Rxa4 26. Rxa4 Nxa4 27.
Qg3 Kg7 28. Bxf7 Qxf7 29. Qxe5+ Qf6 30. Qc7+ Kh6 31. Rxc6 Rd1+ 32. Kh2 Qxf2 33.
Qe5 Qg1+ 34. Kg3 Qe1+ 35. Kh2 Qh1+ 36. Kg3 Rd3+ 37. Kh4 Rxh3+ 38. gxh3 Qe1+ 39.
Qg3 Qxe4+ 0-1

[Event "SR 2. liga A 2016/2017"]
[Site "?"]
[Date "2017.10.29"]
[Round "2.5"]
[White "Karas, Marek"]
[Black "Bronis, Marian"]
[Result "1-0"]
[WhiteElo "2252"]
[BlackElo "2080"]
[PlyCount "44"]
[EventDate "2017.??.??"]
[WhiteTeam "SK Osuske B"]
[BlackTeam "SK Krasnany"]

1. g3 g6 2. Bg2 Bg7 3. c4 d6 4. Nc3 f5 5. d4 Nf6 6. Nh3 O-O 7. d5 Nbd7 8. Nf4
Nc5 9. h4 Bd7 10. h5 Be8 11. hxg6 hxg6 12. Be3 Bf7 13. Nd3 Nxd3+ 14. Qxd3 e5
15. dxe6 Bxe6 16. Bh6 Ng4 17. Bxg7 Kxg7 18. Bxb7 Rb8 19. Bd5 Rh8 20. Rxh8 Qxh8
21. Qd4+ Kf7 22. Qxa7 Qe5 1-0

[Event "SR 2. liga A 2016/2017"]
[Site "?"]
[Date "2017.10.29"]
[Round "2.5"]
[White "Biro, Karol"]
[Black "Spacek, Oliver"]
[Result "0-1"]
[WhiteElo "2095"]
[BlackElo "2250"]
[PlyCount "82"]
[EventDate "2017.??.??"]
[WhiteTeam "SK Krasnany"]
[BlackTeam "SK Osuske B"]

1. c4 g6 2. Nc3 Bg7 3. g3 e5 4. Bg2 Ne7 5. e3 c5 6. Nge2 Nbc6 7. O-O O-O 8. d3
d6 9. Nd5 Be6 10. Nec3 Rb8 11. Rb1 a6 12. b3 b5 13. Bb2 Qd7 14. Qd2 Bh3 15. f4
Bxg2 16. Kxg2 b4 17. Nxe7+ Nxe7 18. Nd5 Nxd5 19. cxd5 f5 20. fxe5 dxe5 21. e4
Rb7 22. Qe3 Qd6 23. Rf2 f4 24. Qe2 Rbf7 25. Rbf1 h5 26. h3 a5 27. g4 Qa6 28.
Kf3 a4 29. Rg2 Qc8 30. Rh1 h4 31. g5 Rd8 32. Rg4 Ra7 33. Rxh4 axb3 34. axb3 Ra2
35. Rg4 Qa6 36. Rg2 Rxb2 37. Qxb2 Qxd3+ 38. Kg4 f3 39. Rd2 Qxe4+ 40. Kg3 Qf4+
41. Kf2 e4 0-1

[Event "SR 2. liga A 2016/2017"]
[Site "?"]
[Date "2017.10.29"]
[Round "2.5"]
[White "Sefcik, Marek"]
[Black "Janos, Ivan"]
[Result "0-1"]
[WhiteElo "1998"]
[BlackElo "2073"]
[PlyCount "86"]
[EventDate "2017.??.??"]
[WhiteTeam "SK Osuske B"]
[BlackTeam "SK Krasnany"]

1. Nf3 Nf6 2. e3 g6 3. d4 Bg7 4. Nbd2 d6 5. b3 O-O 6. Bb2 Nc6 7. Be2 e5 8. dxe5
Ng4 9. O-O Re8 10. Nc4 d5 11. Na3 Ngxe5 12. Nxe5 Nxe5 13. Qc1 Bf5 14. f4 Ng4
15. Bxg7 Kxg7 16. Bxg4 Bxg4 17. Re1 c5 18. Qd2 a6 19. h3 Bf5 20. Rad1 Be4 21.
c4 Qf6 22. cxd5 b5 23. Rc1 Rac8 24. d6 Red8 25. Red1 Rc6 26. d7 Rc7 27. Qd6
Rcxd7 28. Qxf6+ Kxf6 29. Rxd7 Rxd7 30. Nb1 b4 31. a3 a5 32. axb4 cxb4 33. g4
Rd3 34. Kf2 Rxb3 35. Nd2 Rb2 36. Ke1 Bd3 37. g5+ Ke7 38. Rc7+ Ke6 39. Rc6+ Kd7
40. Rf6 a4 41. Rxf7+ Kc6 42. Ra7 a3 43. e4 a2 0-1

[Event "SR 2. liga A 2016/2017"]
[Site "?"]
[Date "2017.10.29"]
[Round "2.5"]
[White "Danek, Pavol"]
[Black "Pericka, Tomas"]
[Result "1-0"]
[WhiteElo "2209"]
[BlackElo "2018"]
[PlyCount "65"]
[EventDate "2017.??.??"]
[WhiteTeam "SK Krasnany"]
[BlackTeam "SK Osuske B"]

1. d4 g6 2. Nf3 Bg7 3. c4 c5 4. Nc3 Nc6 5. d5 Nd4 6. e3 Nxf3+ 7. Qxf3 d6 8. Bd3
Nf6 9. h3 Bd7 10. e4 e5 11. dxe6 fxe6 12. Bg5 Bc6 13. Qe3 O-O 14. O-O Qe8 15.
e5 Nd7 16. exd6 Bd4 17. Qe2 Ne5 18. Be4 Rf5 19. Bxf5 gxf5 20. Nb5 Bxb5 21. cxb5
Qg6 22. Be3 Nd7 23. Bxd4 cxd4 24. f4 Nc5 25. Qc4 Ne4 26. Qxd4 Rd8 27. d7 Nf6
28. Qd6 Ne4 29. Qe7 Qf6 30. Qxf6 Nxf6 31. Rfd1 Nd5 32. g4 fxg4 33. f5 1-0

[Event "SR 2. liga A 2016/2017"]
[Site "?"]
[Date "2017.10.29"]
[Round "2.5"]
[White "Jarabek, Milan"]
[Black "Mandak, Miroslav"]
[Result "0-1"]
[WhiteElo "1738"]
[BlackElo "1968"]
[PlyCount "102"]
[EventDate "2017.??.??"]
[WhiteTeam "SK Osuske B"]
[BlackTeam "SK Krasnany"]

1. Nf3 c5 2. g3 Nc6 3. Bg2 Nf6 4. d4 e6 5. Nc3 cxd4 6. Nxd4 Bc5 7. Nb3 Bb4 8.
O-O O-O 9. Bg5 h6 10. Bd2 d5 11. a3 Be7 12. Be3 b6 13. Nd4 Bb7 14. Nxc6 Bxc6
15. Bd4 Qc7 16. f4 Rac8 17. Qd3 Qb7 18. f5 exf5 19. Rxf5 Bc5 20. Bxc5 bxc5 21.
Nxd5 Bxd5 22. Bxd5 Qxb2 23. Raf1 Nxd5 24. Qxd5 Qd4+ 25. Kh1 Rc7 26. Rd1 Qe3 27.
Qd3 Qe7 28. Rd5 Re8 29. Rd8 Rc8 30. Rxc8 Rxc8 31. e4 Re8 32. Kg2 Qxe4+ 33. Qxe4
Rxe4 34. Kf3 Rc4 35. Rd8+ Kh7 36. Rd7 Rc3+ 37. Ke4 Rxa3 38. Rxf7 Rc3 39. Rxa7
Rxc2 40. h4 h5 41. Kf4 Kh6 42. Ra6+ g6 43. g4 Rc4+ 44. Ke5 Rxg4 45. Kf6 Rf4+
46. Ke5 Rxh4 47. Kf6 Rf4+ 48. Ke5 Rf5+ 49. Ke4 h4 50. Ra8 Rh5 51. Kf4 h3 0-1

[Event "SR 2. liga A 2016/2017"]
[Site "?"]
[Date "2017.10.29"]
[Round "2.5"]
[White "Kebis, Milos"]
[Black "Pericka, Pavol"]
[Result "1/2-1/2"]
[WhiteElo "1849"]
[BlackElo "1791"]
[PlyCount "68"]
[EventDate "2017.??.??"]
[WhiteTeam "SK Krasnany"]
[BlackTeam "SK Osuske B"]

1. c4 e5 2. Nc3 Nf6 3. Nf3 Nc6 4. g3 d6 5. d4 exd4 6. Nxd4 Nxd4 7. Qxd4 c6 8.
Bg2 Be6 9. O-O Be7 10. e4 Qb6 11. Qd3 O-O 12. Rd1 Ng4 13. Qe2 Ne5 14. Be3 Bxc4
15. Qc2 Qc7 16. h3 Rac8 17. b3 Ba6 18. Rac1 Qb8 19. f4 Nd7 20. Bf3 Rcd8 21. Rd2
b6 22. Rcd1 Bb7 23. Rd4 Rfe8 24. Qg2 Qc7 25. Rc1 Nc5 26. b4 Ne6 27. Rd2 Qb8 28.
h4 Bf6 29. Ne2 c5 30. a3 b5 31. f5 Nf8 32. bxc5 dxc5 33. Rxd8 Qxd8 34. Rxc5 Qd3
1/2-1/2

[Event "SR 2. liga A 2016/2017"]
[Site "?"]
[Date "2017.10.29"]
[Round "2.5"]
[White "Ulehla, Jakub"]
[Black "Mikulasek, Viktor"]
[Result "0-1"]
[WhiteElo "1653"]
[BlackElo "1818"]
[PlyCount "56"]
[EventDate "2017.??.??"]
[WhiteTeam "SK Osuske B"]
[BlackTeam "SK Krasnany"]

1. e4 g6 2. d4 Bg7 3. f4 d6 4. Nf3 c5 5. d5 Nf6 6. Bd3 c4 7. Bxc4 Nxe4 8. O-O
Qb6+ 9. Kh1 Nf2+ 10. Rxf2 Qxf2 11. Qd3 Qb6 12. Nc3 a6 13. Na4 Qc7 14. Bb3 O-O
15. Qe3 b5 16. Nb6 Ra7 17. Nxc8 Rxc8 18. Nd4 Qc5 19. c3 a5 20. a3 b4 21. Bd2
Rb7 22. axb4 axb4 23. Rc1 Rbc7 24. Ra1 Qb6 25. Rb1 Qc5 26. Ra1 Qb6 27. Rb1 Na6
28. Bc2 Bxd4 0-1

[Event "SR 2. liga A 2016/2017"]
[Site "?"]
[Date "2017.10.29"]
[Round "2.6"]
[White "Pisk, Petr"]
[Black "Danada, Tomas"]
[Result "1/2-1/2"]
[WhiteElo "2336"]
[BlackElo "2214"]
[PlyCount "126"]
[EventDate "2017.??.??"]
[WhiteTeam "SK Modra B"]
[BlackTeam "SK Nafta Gbely"]

1. Nf3 d5 2. g3 Nf6 3. Bg2 c6 4. O-O Bg4 5. d4 Nbd7 6. Nbd2 e6 7. Re1 Be7 8. e4
Nxe4 9. Nxe4 dxe4 10. Rxe4 Nf6 11. Re1 h6 12. c3 O-O 13. Qb3 Qb6 14. Ne5 Bf5
15. Nc4 Qxb3 16. axb3 Rfd8 17. Na5 Rd7 18. b4 Nd5 19. Nb3 b6 20. Nd2 Bd3 21.
Nf3 Rc7 22. Ne5 Bf5 23. g4 Bc2 24. Re2 Bh7 25. Nxc6 Rxc6 26. Bxd5 exd5 27. Rxe7
Re6 28. Rxe6 fxe6 29. Kg2 a5 30. Kg3 a4 31. h4 b5 32. h5 Bc2 33. Bf4 Kh7 34.
Bd6 Kg8 35. Kf4 Kf7 36. Ke5 Bd3 37. f3 Bc4 38. Bc5 Ra6 39. Bd6 Ra8 40. Kf4 Rd8
41. Be5 g6 42. hxg6+ Kxg6 43. Rh1 Rd7 44. Kg3 Rh7 45. Rh5 Bd3 46. Bf4 Kg7 47.
Re5 Kf7 48. Kh4 Bg6 49. Bc1 Kf6 50. Bd2 Rh8 51. Be3 Rh7 52. Bf4 Kf7 53. Bg3 Kf6
54. Bf4 Kf7 55. Bd2 Kf6 56. Kg3 h5 57. Bg5+ Kf7 58. Re1 hxg4 59. fxg4 Be4 60.
Rf1+ Kg6 61. Bh4 Rf7 62. Rxf7 Kxf7 63. Kf4 Bc2 1/2-1/2

[Event "SR 2. liga A 2016/2017"]
[Site "?"]
[Date "2017.10.29"]
[Round "2.6"]
[White "Sosovicka, Juraj"]
[Black "Federic, Jozef"]
[Result "1-0"]
[WhiteElo "2123"]
[BlackElo "2271"]
[PlyCount "81"]
[EventDate "2017.??.??"]
[WhiteTeam "SK Nafta Gbely"]
[BlackTeam "SK Modra B"]

1. d4 d5 2. Nf3 Nf6 3. c4 e6 4. e3 Be7 5. b3 O-O 6. Bd3 c5 7. O-O cxd4 8. exd4
b6 9. Bb2 Bb7 10. Ne5 dxc4 11. bxc4 Nc6 12. Nxc6 Bxc6 13. Nd2 Rc8 14. Qe2 Rc7
15. Rfe1 Qa8 16. f3 Rd8 17. Rad1 Rcd7 18. Bc2 Qb8 19. Ne4 Ne8 20. Qd3 Bb4 21.
Ng5 g6 22. Nxe6 fxe6 23. Rxe6 Rd6 24. Qe2 Bd7 25. Re7 Rf6 26. Re3 Bf5 27. Bb3
Kg7 28. Kh1 Bd6 29. d5 Bxh2 30. g4 Bf4 31. Re7+ Kg8 32. Bxf6 Nxf6 33. gxf5 Rd6
34. fxg6 hxg6 35. Rg1 Nh5 36. Re8+ Qxe8 37. Qxe8+ Kg7 38. Bc2 Ng3+ 39. Kg2 g5
40. Qe7+ Kg8 41. Kf2 1-0

[Event "SR 2. liga A 2016/2017"]
[Site "?"]
[Date "2017.10.29"]
[Round "2.6"]
[White "Banas, Kamil"]
[Black "Travnicek, Petr"]
[Result "1/2-1/2"]
[WhiteElo "2247"]
[BlackElo "2102"]
[PlyCount "125"]
[EventDate "2017.??.??"]
[WhiteTeam "SK Modra B"]
[BlackTeam "SK Nafta Gbely"]

1. e4 c5 2. Nf3 Nc6 3. d4 cxd4 4. Nxd4 e5 5. Nb5 a6 6. Nd6+ Bxd6 7. Qxd6 Qf6 8.
Qxf6 Nxf6 9. Nc3 d5 10. exd5 Nb4 11. Bd3 Nfxd5 12. Nxd5 Nxd5 13. Bd2 Be6 14. c4
Ne7 15. b3 O-O-O 16. Bc2 Nc6 17. O-O-O Nd4 18. Bb1 Bg4 19. f3 Bf5 20. Rhe1 Bxb1
21. Kxb1 Nc6 22. Kb2 Rd7 23. Be3 Rhd8 24. Rxd7 Rxd7 25. Kc3 Kc7 26. a4 a5 27.
f4 e4 28. f5 Rd3+ 29. Kb2 Nd4 30. Bf4+ Kc6 31. Rxe4 Rxb3+ 32. Ka2 Rd3 33. Re5
Rc3 34. Rxa5 Rxc4 35. Be3 f6 36. Kb2 b6 37. Ra8 Kb7 38. Re8 Nxf5 39. Kb3 Nxe3
40. Rxe3 Rg4 41. g3 Ka6 42. Re7 h5 43. Rf7 h4 44. gxh4 Rxh4 45. Rxg7 Rxh2 46.
Rf7 Rf2 47. Kb4 Rf1 48. Kc4 f5 49. Kd3 Ka5 50. Kc4 Rf4+ 51. Kb3 Rb4+ 52. Kc3
Kxa4 53. Rxf5 Ka3 54. Rf1 Rb3+ 55. Kc2 b5 56. Ra1+ Kb4 57. Ra8 Rg3 58. Rh8 Rg2+
59. Kb1 Ka4 60. Rh3 b4 61. Rf3 b3 62. Rf8 Ka3 63. Ra8+ 1/2-1/2

[Event "SR 2. liga A 2016/2017"]
[Site "?"]
[Date "2017.10.29"]
[Round "2.6"]
[White "Sebo, Viktor"]
[Black "Mydlarik, Martin"]
[Result "0-1"]
[WhiteElo "2004"]
[BlackElo "2064"]
[PlyCount "76"]
[EventDate "2017.??.??"]
[WhiteTeam "SK Nafta Gbely"]
[BlackTeam "SK Modra B"]

1. e4 e6 2. d4 d5 3. Nd2 c5 4. c3 cxd4 5. cxd4 dxe4 6. Nxe4 Bb4+ 7. Nc3 Nc6 8.
Nf3 Nf6 9. Bg5 h6 10. Bh4 Qa5 11. Qb3 g5 12. Bg3 Nd5 13. Rc1 g4 14. Ne5 Nxd4
15. Qc4 Nf5 16. Qb5+ Qxb5 17. Bxb5+ Ke7 18. O-O Nxc3 19. bxc3 Bc5 20. Nxg4 Nxg3
21. hxg3 Rg8 22. Ne5 Rxg3 23. Rfd1 Rg5 24. Re1 f6 25. Nd3 Bxf2+ 26. Kxf2 Rxb5
27. g4 h5 28. c4 Rg5 29. gxh5 Rxh5 30. Rh1 Rxh1 31. Rxh1 b6 32. c5 bxc5 33.
Nxc5 Kd6 34. Ne4+ Ke5 35. Ke3 Bb7 36. Rh5+ f5 37. Nc5 Bd5 38. Nd3+ Kd6 0-1

[Event "SR 2. liga A 2016/2017"]
[Site "?"]
[Date "2017.10.29"]
[Round "2.6"]
[White "Michal, Silvio"]
[Black "Ambros, Rafael"]
[Result "1-0"]
[WhiteElo "2093"]
[BlackElo "1989"]
[PlyCount "90"]
[EventDate "2017.??.??"]
[WhiteTeam "SK Modra B"]
[BlackTeam "SK Nafta Gbely"]

1. Nf3 d5 2. g3 g6 3. Bg2 Bg7 4. d4 Nf6 5. c4 c6 6. Nc3 dxc4 7. Ne5 O-O 8. Nxc4
Nbd7 9. O-O Nb6 10. Ne5 Be6 11. f4 Qc8 12. e4 Ne8 13. b3 f6 14. Nd3 f5 15. e5
Nc7 16. Ba3 Kf7 17. g4 Nbd5 18. gxf5 Bxf5 19. Nxd5 Nxd5 20. Qd2 Rd8 21. Nc5 e6
22. Ne4 Bxe4 23. Bxe4 Kg8 24. Rf3 Qd7 25. Raf1 Bf8 26. Bxf8 Rxf8 27. Rg3 Ne7
28. Rd3 Rad8 29. Qf2 Nd5 30. Qg3 Nb4 31. Rd2 Nd5 32. h4 Qf7 33. f5 exf5 34.
Rxf5 Qg7 35. Rxf8+ Qxf8 36. h5 Qb4 37. Rd3 Rd7 38. hxg6 hxg6 39. e6 Re7 40.
Qb8+ Kg7 41. Qe5+ Kg8 42. Bxd5 cxd5 43. Rh3 Rh7 44. Qb8+ Qf8 45. Qxf8+ Kxf8 1-0

[Event "SR 2. liga A 2016/2017"]
[Site "?"]
[Date "2017.10.29"]
[Round "2.6"]
[White "Danada, Ondrej"]
[Black "Sobek, Michal"]
[Result "1/2-1/2"]
[WhiteElo "1869"]
[BlackElo "1822"]
[PlyCount "77"]
[EventDate "2017.??.??"]
[WhiteTeam "SK Nafta Gbely"]
[BlackTeam "SK Modra B"]

1. e4 c5 2. Nf3 Nc6 3. g3 g6 4. Bg2 Bg7 5. O-O d6 6. c3 Rb8 7. a4 a6 8. Qe2 b5
9. axb5 axb5 10. Rd1 Qb6 11. d3 e5 12. Nbd2 h6 13. Nf1 Be6 14. N3d2 Nge7 15.
Ne3 O-O 16. Nd5 Qb7 17. Nf1 Nd8 18. Nfe3 Nxd5 19. Nxd5 Nc6 20. Be3 Ra8 21. b3
Rxa1 22. Rxa1 Ra8 23. Qb2 Ra7 24. Ra3 Ra5 25. b4 cxb4 26. Nxb4 Ra4 27. Nd5 Bc8
28. Rxa4 bxa4 29. Nb6 Qa6 30. Qa3 Bg4 31. Qxa4 Qxd3 32. Qxc6 Qd1+ 33. Bf1 Be2
34. Qc8+ Bf8 35. Qh3 Bg4 36. Qg2 Bf3 37. Qh3 Bg4 38. Qg2 Bf3 39. Qh3 1/2-1/2

[Event "SR 2. liga A 2016/2017"]
[Site "?"]
[Date "2017.10.29"]
[Round "2.6"]
[White "Soldan, Jan"]
[Black "Kocak, Branislav"]
[Result "1-0"]
[WhiteElo "1790"]
[BlackElo "1871"]
[PlyCount "83"]
[EventDate "2017.??.??"]
[WhiteTeam "SK Modra B"]
[BlackTeam "SK Nafta Gbely"]

1. e4 c5 2. Nf3 d6 3. d4 cxd4 4. Nxd4 Nf6 5. Nc3 a6 6. Bg5 Qa5 7. Qd2 Nbd7 8.
Nb3 Qc7 9. O-O-O h6 10. Be3 e5 11. f3 Be7 12. g4 Nb6 13. Qf2 Nc4 14. Bxc4 Qxc4
15. Na5 Qc7 16. Bb6 Qb8 17. h4 Be6 18. Kb1 Nd7 19. Be3 Qc7 20. Nb3 b5 21. Nd5
Bxd5 22. Rxd5 Rc8 23. Rd2 a5 24. Rd5 a4 25. Na1 Qc6 26. Qd2 Rb8 27. c3 Qc4 28.
Nc2 Nf6 29. Rxd6 O-O 30. Rd3 b4 31. cxb4 Bxb4 32. Nxb4 Rxb4 33. Rc1 Qb5 34.
Rdc3 Nd7 35. a3 Rb3 36. Rxb3 Qxb3 37. Rc7 Nb6 38. Rc3 Nc4 39. Qc1 Nxa3+ 40. Ka1
Qb4 41. Bc5 Qb7 42. Bxf8 1-0

[Event "SR 2. liga A 2016/2017"]
[Site "?"]
[Date "2017.11.25"]
[Round "3.1"]
[White "Farkas, Gabor"]
[Black "Bednar, Jan"]
[Result "1-0"]
[WhiteElo "2378"]
[BlackElo "2040"]
[PlyCount "57"]
[EventDate "2017.??.??"]
[WhiteTeam "SK Senec"]
[BlackTeam "SK Doprastav Bratislava B"]

1. e4 c6 2. d4 d5 3. Nd2 dxe4 4. Nxe4 Bf5 5. Ng3 Bg6 6. h4 h6 7. Nf3 Nd7 8. h5
Bh7 9. Bd3 Bxd3 10. Qxd3 e6 11. Bd2 Ngf6 12. O-O-O Qc7 13. Ne4 Nxe4 14. Qxe4
Nf6 15. Qe2 Bd6 16. g3 O-O-O 17. c4 c5 18. Kb1 Rhe8 19. Rc1 Qc6 20. Rh4 Kb8 21.
Be3 Re7 22. dxc5 Bxc5 23. Ne5 Qb6 24. Bf4 Ka8 25. Nd3 Bd4 26. c5 Qb5 27. Bd6
Bxb2 28. Rb4 Qa6 29. Rxb2 1-0

[Event "SR 2. liga A 2016/2017"]
[Site "?"]
[Date "2017.11.25"]
[Round "3.1"]
[White "Macka, Oto"]
[Black "Balogh, Peter"]
[Result "0-1"]
[WhiteElo "2027"]
[BlackElo "2282"]
[PlyCount "54"]
[EventDate "2017.??.??"]
[WhiteTeam "SK Doprastav Bratislava B"]
[BlackTeam "SK Senec"]

1. e4 e6 2. d4 d5 3. e5 c5 4. c3 Nc6 5. Nf3 Qb6 6. a3 c4 7. Nbd2 Na5 8. Be2 Bd7
9. O-O Ne7 10. Rb1 h6 11. Ne1 O-O-O 12. Nc2 Ba4 13. Nf3 Nec6 14. Be3 Be7 15.
Qd2 Rdg8 16. Nb4 Nb3 17. Qe1 a5 18. Nxc6 Qxc6 19. Bd1 f5 20. exf6 gxf6 21. g3
h5 22. Nh4 f5 23. Ng2 h4 24. Bf4 Bf6 25. Qe3 Qb6 26. Be5 Bxe5 27. Qxe5 Nd2 0-1

[Event "SR 2. liga A 2016/2017"]
[Site "?"]
[Date "2017.11.25"]
[Round "3.1"]
[White "Koloditsova, Renata"]
[Black "Sosovicka, Jakub"]
[Result "1-0"]
[WhiteElo "1976"]
[BlackElo "2109"]
[PlyCount "85"]
[EventDate "2017.??.??"]
[WhiteTeam "SK Senec"]
[BlackTeam "SK Doprastav Bratislava B"]

1. d4 d5 2. Bf4 Nf6 3. e3 c5 4. c3 Nc6 5. Nd2 Bf5 6. Qb3 Qb6 7. dxc5 Qxb3 8.
axb3 e5 9. Bg3 Bxc5 10. b4 Bd6 11. b5 Ne7 12. Ngf3 Ng6 13. b6 a6 14. Nd4 exd4
15. Bxd6 Kd7 16. Bc7 dxe3 17. fxe3 Rhe8 18. Nb3 Rxe3+ 19. Kd2 Ree8 20. Nc5+ Kc6
21. Ra5 Ne4+ 22. Nxe4 Bxe4 23. Be2 Ne5 24. b3 Rac8 25. Rha1 Bxg2 26. Rg1 Be4
27. Rf1 f6 28. Rc1 Nf3+ 29. Kd1 Re7 30. c4 d4 31. b4 d3 32. Rc5+ Kd7 33. Bxd3
Rce8 34. Rc3 Bg6 35. Rd5+ Kc8 36. Bxg6 Re1+ 37. Kc2 R8e2+ 38. Kb3 Nd2+ 39. Ka4
Ra1+ 40. Ra3 Rxa3+ 41. Kxa3 Nxc4+ 42. Kb3 Nd2+ 43. Kc3 1-0

[Event "SR 2. liga A 2016/2017"]
[Site "?"]
[Date "2017.11.25"]
[Round "3.1"]
[White "Vrtiakova, Anna"]
[Black "Gruca, Miroslav"]
[Result "1/2-1/2"]
[WhiteElo "1978"]
[BlackElo "2179"]
[PlyCount "34"]
[EventDate "2017.??.??"]
[WhiteTeam "SK Doprastav Bratislava B"]
[BlackTeam "SK Senec"]

1. e4 b6 2. d4 Bb7 3. Bd3 e6 4. Nf3 c5 5. c3 Nf6 6. Qe2 Be7 7. O-O Nc6 8. Nbd2
cxd4 9. Nxd4 Ne5 10. Bc2 Qc8 11. Kh1 Ba6 12. Nb5 O-O 13. f4 Nc4 14. a4 Nxd2 15.
Bxd2 Ne8 16. c4 Nd6 17. Bd3 Bb7 1/2-1/2

[Event "SR 2. liga A 2016/2017"]
[Site "?"]
[Date "2017.11.25"]
[Round "3.1"]
[White "Slacky, Stanislav"]
[Black "Gzib, David"]
[Result "1-0"]
[WhiteElo "2144"]
[BlackElo "1860"]
[PlyCount "47"]
[EventDate "2017.??.??"]
[WhiteTeam "SK Senec"]
[BlackTeam "SK Doprastav Bratislava B"]

1. d4 Nf6 2. c4 g6 3. Nf3 Bg7 4. g3 d6 5. Bg2 O-O 6. O-O c5 7. Nc3 a6 8. dxc5
dxc5 9. Qxd8 Rxd8 10. Be3 Nc6 11. Bxc5 Be6 12. Rac1 Nd7 13. Be3 Bxc4 14. b3 Be6
15. Ng5 Rac8 16. Nxe6 fxe6 17. Ne4 Nd4 18. Bxd4 Bxd4 19. Ng5 Rxc1 20. Rxc1 Nc5
21. e3 Nd3 22. Rd1 Bb6 23. Nxe6 Rd6 24. Bxb7 1-0

[Event "SR 2. liga A 2016/2017"]
[Site "?"]
[Date "2017.11.25"]
[Round "3.1"]
[White "Goga, Frantisek"]
[Black "Micek, Jaroslav"]
[Result "0-1"]
[WhiteElo "1877"]
[BlackElo "2061"]
[PlyCount "76"]
[EventDate "2017.??.??"]
[WhiteTeam "SK Doprastav Bratislava B"]
[BlackTeam "SK Senec"]

1. e4 d6 2. d4 Nf6 3. Nc3 c6 4. f3 Qb6 5. Bc4 e5 6. Nge2 Be7 7. Bb3 Nbd7 8. Be3
Qc7 9. a4 b6 10. Ng3 exd4 11. Bxd4 Nc5 12. Ba2 a5 13. Qd2 Be6 14. Nf5 Bxf5 15.
exf5 d5 16. O-O-O O-O-O 17. Kb1 Rhe8 18. g4 g6 19. fxg6 hxg6 20. Rhe1 Nfd7 21.
Bxd5 cxd5 22. Nxd5 Qd6 23. Nc3 Ne6 24. Nb5 Qb4 25. Bc3 Qxa4 26. Qd5 Kb8 27.
Rxe6 fxe6 28. Qc6 Qf4 29. Rxd7 Rxd7 30. Qxd7 Rd8 31. Qa7+ Kc8 32. Qxe7 Rd1+ 33.
Ka2 Qc4+ 34. b3 Qxb5 35. Qxe6+ Kb7 36. Qxg6 a4 37. Qe4+ Rd5 38. Qxa4 Qc5 0-1

[Event "SR 2. liga A 2016/2017"]
[Site "?"]
[Date "2017.11.25"]
[Round "3.1"]
[White "Lesny, Stefan"]
[Black "Novak, Stanislav"]
[Result "1/2-1/2"]
[WhiteElo "2054"]
[BlackElo "1934"]
[PlyCount "57"]
[EventDate "2017.??.??"]
[WhiteTeam "SK Senec"]
[BlackTeam "SK Doprastav Bratislava B"]

1. e4 d6 2. d4 Nf6 3. Bd3 g6 4. c3 Bg7 5. Nf3 O-O 6. h3 c5 7. Be3 cxd4 8. Nxd4
Nc6 9. Nf3 Nd7 10. Nbd2 Nde5 11. Bc2 b5 12. Nxe5 Nxe5 13. Bd4 Bb7 14. O-O d5
15. Qe2 Nc4 16. Bxg7 Kxg7 17. Nxc4 dxc4 18. Rad1 Qc7 19. Qe3 a6 20. Qd4+ e5 21.
Qd7 Rac8 22. Rd6 Qxd7 23. Rxd7 Bc6 24. Rd6 Rfd8 25. Rfd1 Rxd6 26. Rxd6 f6 27.
Kf1 Kf7 28. Ke2 Ke7 29. Rd2 1/2-1/2

[Event "SR 2. liga A 2016/2017"]
[Site "?"]
[Date "2017.11.25"]
[Round "3.2"]
[White "Keresztes, Richard"]
[Black "Schwarz, Dusan"]
[Result "0-1"]
[WhiteElo "2214"]
[BlackElo "2284"]
[PlyCount "186"]
[EventDate "2017.??.??"]
[WhiteTeam "DSC Potonska veza"]
[BlackTeam "SK Doprastav Bratislava A"]

1. d4 Nf6 2. c4 c5 3. Nf3 cxd4 4. Nxd4 e5 5. Nc2 b5 6. cxb5 Bb7 7. Nc3 d5 8. e3
Nbd7 9. Be2 Bc5 10. O-O Rc8 11. Bd2 O-O 12. Na4 Be7 13. Bb4 Ne4 14. a3 Ndf6 15.
Rc1 Re8 16. Bxe7 Rxe7 17. Nb4 Rec7 18. Rxc7 Qxc7 19. Bf3 Qd7 20. Bxe4 Nxe4 21.
f3 Nf6 22. Qd3 h5 23. Nc3 Rc5 24. Rd1 Qe8 25. a4 Qe6 26. a5 g6 27. h3 Kg7 28.
Rd2 Qe7 29. Nc2 Qc7 30. Rd1 Bc8 31. Qd2 Be6 32. a6 Bd7 33. Na3 Qb8 34. Na4 Rc8
35. Qb4 d4 36. exd4 exd4 37. Qxd4 Bxb5 38. Nxb5 Qxb5 39. Nc3 Qxb2 40. Ne4 Qxd4+
41. Rxd4 Nxe4 42. Rxe4 Rc1+ 43. Kh2 Ra1 44. Re7 Rxa6 45. h4 Ra4 46. Kg3 Kf6 47.
Rb7 Ke6 48. Rc7 Ra5 49. Rc6+ Kf5 50. Rc4 f6 51. Kh3 Rb5 52. Rc6 Rb6 53. Rc5+
Kf4 54. Ra5 a6 55. Ra4+ Ke3 56. Ra5 f5 57. Ra3+ Kd4 58. Kg3 Kc4 59. Kf4 Kb4 60.
Ra1 a5 61. Rb1+ Kc5 62. Rc1+ Kd4 63. Rd1+ Kc3 64. Ra1 Ra6 65. g4 fxg4 66. fxg4
hxg4 67. Kxg4 a4 68. Kg5 Kb2 69. Rh1 a3 70. Rh2+ Kb3 71. Rh3+ Kb4 72. Rh2 Rc6
73. Rf2 Kb3 74. Rf3+ Ka4 75. Rf2 Ra6 76. Kh6 Kb3 77. Rf3+ Kb2 78. Rf2+ Kc3 79.
Rg2 Kd4 80. Ra2 Ke4 81. Kg5 Kf3 82. Ra1 a2 83. Rf1+ Kg2 84. Ra1 Kh2 85. Rxa2+
Rxa2 86. Kxg6 Kg3 87. h5 Ra6+ 88. Kg7 Kg4 89. h6 Ra7+ 90. Kg6 Ra6+ 91. Kg7 Kg5
92. h7 Ra7+ 93. Kg8 Kg6 0-1